| 000 | 00495nam a22001937a 4500 | ||
|---|---|---|---|
| 005 | 20230822163052.0 | ||
| 008 | 230822b ||||| |||| 00| 0 eng d | ||
| 020 | _a9789389865257 | ||
| 040 |
_aIN-DiNC _cIN-DiNC |
||
| 041 | _dasm | ||
| 082 |
_a305.4 _bSAI |
||
| 100 |
_aSaikia, Utpal _eauthor |
||
| 245 |
_aLinga vittik samajtattwa/ _cby Utpal Saikia |
||
| 250 | _a2nd ed. | ||
| 260 |
_aDibrugarh: _bBanalata, _c2021. |
||
| 300 | _a276p. | ||
| 650 | _aSociology of gender | ||
| 942 |
_2ddc _cBK |
||
| 999 |
_c11586 _d11586 |
||